LIBRARY & INFORMATION CENTRE, KCAET, TAVANUR

ONLINE PUBLIC ACCESS CATALOGUE (OPAC)

Fluid mechanics, Vol 1 / (Record no. 10231)

MARC details
000 -LEADER
fixed length control field 00492cam a2200193ua 4500
020 ## - INTERNATIONAL STANDARD BOOK NUMBER
ISBN 0-7069-2077-5
041 ## - LANGUAGE CODE
Language code of text/sound track or separate title eng
082 ## - DEWEY DECIMAL CLASSIFICATION NUMBER
Classification number 532
Item number MAN/FL
100 ## - MAIN ENTRY--AUTHOR NAME
Personal name Manohar, M .
245 ## - TITLE STATEMENT
Title Fluid mechanics, Vol 1 /
250 ## - EDITION STATEMENT
Edition statement 3 /
260 ## - PUBLICATION, DISTRIBUTION, ETC. (IMPRINT)
Place of publication New Delhi :
Name of publisher Vikas publishing house pvt ltd ,
Year of publication 1982.
300 ## - PHYSICAL DESCRIPTION
Number of Pages 440 ; .
700 1# - ADDED ENTRY--PERSONAL NAME
Personal name Krishnamachar, P .
942 ## - ADDED ENTRY ELEMENTS (KOHA)
Koha item type Books
Holdings
Withdrawn status Lost status Damaged status Home library Current library Date acquired Full call number Accession Number Koha item type
      KAUAET KAUAET 09/03/1987 532 MAN/FL 16005 Books
free website counter